Por los caminos del siglo XX : (Record no. 190775)

MARC details
000 -LEADER
campo de control de longitud fija 01277nam a2200289 i 4500
001 - NÚMERO DE CONTROL
campo de control 190775
003 - IDENTIFICADOR DE NÚMERO DE CONTROL
campo de control ES-MaACL
005 - FECHA Y HORA DE LA ÚLTIMA TRANSACCIÓN
campo de control 20240201135254.0
008 - DATOS DE LONGITUD FIJA--INFORMACIÓN GENERAL
campo de control de longitud fija 220704s2018 sp a 001 0dspa
020 ## - NÚMERO INTERNACIONAL ESTÁNDAR DEL LIBRO
Número Internacional Estándar del Libro 978-84-16460-52-6
080 ## - NÚMERO DE LA CLASIFICACIÓN DECIMAL UNIVERSAL
Número de la Clasificación Decimal Universal 070 García Martí, Victoriano
080 ## - NÚMERO DE LA CLASIFICACIÓN DECIMAL UNIVERSAL
Número de la Clasificación Decimal Universal 821.134.2-92"19"
100 1# - ENTRADA PRINCIPAL--NOMBRE DE PERSONA
Nombre de persona García Martí, Victoriano,
Fechas asociadas al nombre 1881-1966
9 (RLIN) 54896
245 10 - MENCIÓN DEL TÍTULO
Título Por los caminos del siglo XX :
Resto del título obra periodística olvidada (1914-1963) /
Mención de responsabilidad, etc. Victoriano García Martí ; edición, estudios y notas Arantxa Fuentes Ríos.
260 ## - PUBLICACIÓN, DISTRIBUCIÓN, ETC.
Lugar de publicación, distribución, etc. Santiago de Compostela :
Nombre del editor, distribuidor, etc. Consorcio de Santiago :
-- Alvarellos Editora,
Fecha de publicación, distribución, etc. [2018]
300 ## - DESCRIPCIÓN FÍSICA
Extensión 306 p. :
Otras características físicas il. ;
Dimensiones 21 cm.
490 1# - MENCIÓN DE SERIE
Mención de serie Colección rescate ;
Designación de volumen o secuencia 24
504 ## - NOTA DE BIBLIOGRAFÍA, ETC.
Nota de bibliografía, etc. Referencias bibliográficas.
505 8# - NOTA DE CONTENIDO CON FORMATO
Nota de contenido con formato Contiene: El centenario del Ateneo (1934), p. 119-122
599 ## - NOTA A LAS ILUSTRACIONES
NOTA A LAS ILUSTRACIONES En p. [25]: Foto de la inauguración del curso académico 1922-1923 en el Ateneo de Madrid
600 14 - PUNTO DE ACCESO ADICIONAL DE MATERIA--NOMBRE DE PERSONA
Nombre de persona García Martí, Victoriano,
Fechas asociadas al nombre 1881-1966
9 (RLIN) 54896
700 1# - ENTRADA AGREGADA--NOMBRE PERSONAL
Nombre de persona Fuentes Ríos, Arantxa.
9 (RLIN) 174775
830 1# - PUNTO DE ACCESO ADICIONAL DE SERIE-TÍTULO UNIFORME
Título uniforme Colección rescate ;
Designación de volumen o secuencia 24
9 (RLIN) 225936
852 4# - LOCALIZACIÓN
Ubicación ES-MaACL
Número de control de estantería A-14994
itemnumber 197957
Sublocalización o colección R.153293
Ubicación en estantería Depósito 1
Signatura antigua Olim: N-7994
Donativo/Legado Donación: Editorial
Encuadernación Encuadernación en cartone .
942 ## - ELEMENTOS DE ENTRADA SECUNDARIOS (KOHA)
Fuente del sistema de clasificación o colocación Clasificación decimal universal
Holdings
Estatus retirado Estado de pérdida Fuente del sistema de clasificación o colocación Estado de daño No para préstamo Biblioteca de origen Biblioteca actual Ubicación en estantería Fecha de adquisición Fuente de adquisición Total de préstamos Signatura topográfica completa Código de barras Visto por última vez Precio de reemplazo Tipo de ítem Koha
    Clasificación decimal universal     Biblioteca del Ateneo de Madrid Biblioteca del Ateneo de Madrid Depósito 1 04/07/2022 Donación   A-14994 1203044 23/02/2023 23/02/2023 Libro impreso